| 000 | 00370nam a22001577a 4500 | ||
|---|---|---|---|
| 003 | OSt | ||
| 005 | 20240101103504.0 | ||
| 008 | 190902b xxu||||| |||| 00| 0 eng d | ||
| 020 | _a9788125600763 | ||
| 040 | _cIIMT UNIVERSITY | ||
| 100 | _aKESHRI GUPTA | ||
| 245 | _aDICTIONARY OF PHARMACY | ||
| 260 |
_aNEW DELHI _bBIRLA PUB _c2018 |
||
| 300 | _a607 | ||
| 942 |
_2ddc _c01 |
||
| 999 |
_c48728 _d48728 |
||